|
|
|
|
| LEADER |
00822nam a2200205 i 4500 |
| 001 |
publ6445 |
| 005 |
20180903114045.0 |
| 008 |
160226s2015 hu o 0|| zxx d |
| 020 |
|
|
|a 978-963-19-7936-7
|
| 024 |
7 |
|
|a 2987084
|2 mtmt
|
| 040 |
|
|
|a SZTE Publicatio Repozitórium
|b hun
|
| 041 |
|
|
|a zxx
|
| 100 |
1 |
|
|a Csapó Benő
|
| 245 |
1 |
2 |
|a A matematikai tudás online diagnosztikus értékelésének tartalmi keretei
|h [elektronikus dokumentum] /
|c Csapó Benő
|
| 260 |
|
|
|a Oktatáskutató és Fejlesztő Intézet (OFI)
|b Budapest
|c 2015
|
| 300 |
|
|
|a 284
|
| 700 |
0 |
1 |
|a Csíkos Csaba
|e aut
|
| 700 |
0 |
1 |
|a Molnár Gyöngyvér
|e aut
|
| 856 |
4 |
0 |
|u http://publicatio.bibl.u-szeged.hu/6445/1/2015_Matematika_1_105_u.pdf
|z Dokumentum-elérés
|
| 856 |
4 |
0 |
|u http://publicatio.bibl.u-szeged.hu/6445/2/2015_Matematika_106_286_u.pdf
|z Dokumentum-elérés
|